| 000 | 00585cam a2200217ua 4500 | ||
|---|---|---|---|
| 001 | 9898 | ||
| 008 | 161007n ii |||gr||||Z||||||asm | ||
| 020 | _a9788176653848 | ||
| 040 | _cMAIN | ||
| 041 | _aasm | ||
| 082 | _a320.5 | ||
| 100 |
_aHazarika, Niru, _eAuthor. |
||
| 245 |
_aRajniti tattwa : _bHS 1st year / _cBy Niru Hazarika & Jyotinath Chakrabarty . |
||
| 250 | _a7th ed. | ||
| 260 |
_aGolaghat: _bBharati book stall, _c2016. |
||
| 300 | _a168p. | ||
| 653 | _aPolitical science | ||
| 653 | _aPolitical theory | ||
| 700 |
_aChakrabarty, Jyotinath, _eAuthor. |
||
| 942 | _cBK | ||
| 999 |
_c8907 _d8907 |
||